| 000 | 01080cab a2200241 4500 | ||
|---|---|---|---|
| 001 | ABS68603 | ||
| 008 | 050125n2005 000 0 eng u | ||
| 035 | _a(Sirsi) u128597 | ||
| 100 | _aCowles, D. | ||
| 245 | _aConstructive criticism | ||
| 260 | _c2005 | ||
| 490 |
_aFire Engineers Journal _v65(252) January 2005, 28-29(2) |
||
| 520 | _aDiscusses the proposed new Construction (Design and Management) Regulations (CDM) which will simplify the existing regulations to improve clarity. Many in the construction industry argue the existing regulations have not helped to improve risk management on UK construction sites. The most significant change will see the duties that the existing CDM places on the planning supervisor imposed instead on the client. | ||
| 590 | _aABS | ||
| 650 | _aCONSTRUCTION (DESIGN AND MANAGEMENT) REGULATIONS 1994 | ||
| 650 | _aCLIENT DUTIES | ||
| 650 | _aARCHITECTS' DUTIES | ||
| 650 | _aCDM REGULATIONS | ||
| 650 | _aCONSTRUCTION SITES | ||
| 650 | _aCONSTRUCTION SAFETY | ||
| 690 | _aBUILT ENVIRONMENT-BUILDING STANDARDS | ||
| 942 | _n0 | ||
| 999 |
_c74746 _d74746 |
||